000 00907nam a22002415i 4500
001 177717
003 ES-MaACL
005 20230906220408.0
008 110414s1948 be f |||| | fre d
080 _a75 Tytgat, Edgard
100 1 _aRoelants, Maurice.
_998904
245 1 0 _aEdgar Tytgat /
_cpar Maurice Roelants.
260 _aAnvers :
_bDe Sikkel, pour le Ministere de l'Instruction Publique,
_ccop. 1948.
300 _a15, [24] p. de lám. bl. y n. , [2] h. de lám. col. y n. ;
_c25 cm.
490 1 _aMonographies de l'art belge. Deuxième Série ;
_v2
500 _aÍndice.
504 _aBibliografía: p. 13-14.
546 _aTexto en francés, leyenda de las ilustraciones en francés y holandés.
600 1 4 _aTytgat, Edgard.
_9146182
830 0 _aMonographies de l'art belge. Deuxième Série ;
_v2
_9190568
852 _aES-MaACL
_jE-14907
_xOlim P-972
999 _c177717
_d177717